La educación, ¿sigue siendo estratégica para la sociedad? /
Guardat en:
| Autor principal: | |
|---|---|
| Format: | Text |
| Matèries: | |
| Etiquetes: |
Afegir etiqueta
Sense etiquetes, Sigues el primer a etiquetar aquest registre!
|
MARC
| LEADER | 00000 a a2200000 04500 | ||
|---|---|---|---|
| 001 | 44030 | ||
| 003 | |||
| 040 | |||
| 100 | |a Russo, Hugo | ||
| 245 | |a La educación, ¿sigue siendo estratégica para la sociedad? / |c Hugo Russo | ||
| 650 | |a PEDAGOGIA | ||
| 650 | |a ESTADO | ||
| 650 | |a AMERICA LATINA | ||
| 773 | |g número33 ( , 2004), páginas 27-35 | ||
| 999 | |c 38097 |d 38097 | ||
